000 00495nmm a2200169Ia 4500
008 251105s9999||||xx |||||||||||||||||und||
020 _a9789560001610
041 _aspa
100 _aUribe, Armando
245 0 _aVergüenza ajena (antipática, tonta y fea)
264 _a[Santiago de Chile, Chile] :
_bLOM Ediciones,
_c2010
300 _a204 páginas
490 _aEntre Mares
650 _aLatin American poetry
856 _uhttps://public.digitaliapublishing.com/a/13167
942 _cCF
999 _c93430
_d93430